00699nam a22002057a 4500003000900000008004100009040007100050082001600121100002500137245013500162260003000297300002800327440002200355505002300377650001100400650001600411650001500427700002800442700002300470AR-CdUCM190325b ||||| |||| 00| 0 spa d aMUNICIPALIDAD PROVINCIAL DEL CUSCOcBIBLIOTECA MUNICIPAL DEL CUSCO a086 /bB17. aBalzac, Honoré de, aObras Inmortales :bEugenia Grandet, Ilusiones perdidas, El cura de aldea, Una hija de Eva, Un asunto tenebroso, La piel de Zapa / aMadrid :bE.D.A.F.,c1960 a1671 páginas ;c17 cm aObras Inmortales  aContenido: Novela  aNovela aLiteratura  aClásicos aJ. Zambrano Barragán  aJ. García Bravo